ბათუმის შოთა რუსთაველის სახელმწიფო უნივერსიტეტის ბიბლიოთეკა

Public papers of the presidents of the United States Dwight D. Eisenhower. 1956 (ბიბ.ჩანაწერი № 50855)

000 -LEADER
fixed length control field 00618nam a2200145Ia 4500
001 - CONTROL NUMBER
control field 17810
003 - CONTROL NUMBER IDENTIFIER
control field GE_BSU
008 - FIXED-LENGTH DATA ELEMENTS--GENERAL INFORMATION
fixed length control field 181216s||||||||xx |||||||||||||| ||und||
040 ## - CATALOGING SOURCE
Transcribing agency GE_BSU
245 ## - TITLE STATEMENT
Title Public papers of the presidents of the United States Dwight D. Eisenhower. 1956
245 ## - TITLE STATEMENT
Remainder of title Containing the Public Message, Speeches, and Statements of the President. January 20 to december 31, 1953
653 ## - INDEX TERM--UNCONTROLLED
Uncontrolled term Containing the Public Message, Speeches, and Statements of the President. January 20 to december 31, 1953
653 ## - INDEX TERM--UNCONTROLLED
Uncontrolled term Public papers of the presidents of the United States Jimmy Carter 1980-81.
942 ## - ADDED ENTRY ELEMENTS (KOHA)
Koha item type წიგნი

არაა ხელმისაწვდომი ეგზემპლარები.